5-Letter Word Chain - Statistics

General Stats
  • This quiz has been taken 109 times
  • The average score is 11 of 16
Answer Stats
Definition Word % Correct
Not late Early
99%
Opposite of nightmare Dream
98%
A fancy boat Yacht
97%
Common food containing wheat Bread
94%
What a wedding is for Marry
90%
To use your head; contemplate Think
90%
What pirates store their treasure in Chest
89%
Green in the middle of a desert Oasis
83%
Multiple pieces of food on a skewer Kebab
70%
A hut, usually poorly built Shack
66%
A violet-colored flower; also a color Lilac
64%
You would find this in a kitchen Table
60%
A common material for shorts and pants Khaki
47%
The best option is: Ideal
43%
A short description Blurb
41%
A rude, noisy, or violent person Yahoo
18%
No matching quizzes found
Score Distribution
Percent of People with Each Score
Percentile by Number Answered
Your Score History
You have not taken this quiz